000 00728 a2200265 4500
001 200002923
650 0 _aTurkish fiction
_97165
999 _c200002923
_d29625
003 TR-AnTOB
005 20240925073654.0
008 110130s2010 tu 000 1
020 _a9789754704723
040 _cTOBBETU
041 0 _atur
050 _aPL248.A548
_bP87 2010
090 _aPL248. A548 P87 2010
100 1 _aAnar, İhsan Oktay,
_d1960-
_925260
245 1 0 _aPuslu kıtalar atlası /
_cİhsan Oktay Anar.
264 1 _aİstanbul :
_bİletişim,
_c2010.
300 _a238 s.;
_c20 cm.
490 0 _aİletişim Yayınları ;
_v326.
490 0 _aÇağdaş Türkçe Edebiyat ;
_v22.
650 7 _aTürk romanı
_2etuturkob
_99421
942 _cBK